<?xml version="1.0" encoding="UTF-8"?>
<record
    xmlns:xsi="http://www.w3.org/2001/XMLSchema-instance"
    xsi:schemaLocation="http://www.loc.gov/MARC21/slim http://www.loc.gov/standards/marcxml/schema/MARC21slim.xsd"
    xmlns="http://www.loc.gov/MARC21/slim">

  <leader>02352nam a2200397 u 4500</leader>
  <controlfield tag="001">814518</controlfield>
  <controlfield tag="005">20260506093437.0</controlfield>
  <controlfield tag="008">021004e19991001                    spa  </controlfield>
  <datafield tag="035" ind1=" " ind2=" ">
    <subfield code="a">814518</subfield>
    <subfield code="z">3004</subfield>
  </datafield>
  <datafield tag="035" ind1=" " ind2=" ">
    <subfield code="a">(OCoLC)777737171</subfield>
  </datafield>
  <datafield tag="040" ind1=" " ind2=" ">
    <subfield code="c">comduadb</subfield>
  </datafield>
  <datafield tag="041" ind1=" " ind2=" ">
    <subfield code="a">spa</subfield>
  </datafield>
  <datafield tag="080" ind1=" " ind2=" ">
    <subfield code="a">G</subfield>
  </datafield>
  <datafield tag="100" ind1="1" ind2="0">
    <subfield code="a">Arango Marin, Hector Eduardo</subfield>
    <subfield code="4">aut</subfield>
    <subfield code="e">aut</subfield>
    <subfield code="9">518107</subfield>
  </datafield>
  <datafield tag="245" ind1="1" ind2="0">
    <subfield code="a">Determinantes de la cuenta corriente en Colombia : un enfoque intertemporal</subfield>
  </datafield>
  <datafield tag="260" ind1=" " ind2=" ">
    <subfield code="a">Medell&#xED;n :</subfield>
    <subfield code="b">Universidad de Antioquia, Centro de Investigaciones Economicas,</subfield>
    <subfield code="c">1999.</subfield>
  </datafield>
  <datafield tag="300" ind1=" " ind2=" ">
    <subfield code="a">29 p&#xE1;ginas</subfield>
  </datafield>
  <datafield tag="500" ind1=" " ind2=" ">
    <subfield code="a">Tambien en : Lecturas de Economia No.50, (Ene.-Jun. 1999). -- p.91-123.</subfield>
  </datafield>
  <datafield tag="520" ind1="3" ind2=" ">
    <subfield code="a">Este trabajo pretende examinar los determinantes de la cuenta corriente en Colombia entre 1950 y 1997 a partir del enfoque intertemporal. Este plantea en su forma mas simple, que las desviaciones transitorias del ingreso, del consumo privado y del consumo publico, afectan positivamente, en el primer caso y negativamente en el segundo y tercero de la cuenta corriente. Esto es los agentes economicos financian las caidas transitorias del producto y los aumentos del consumo, con respecto a sus niveles permanentes, mediante mayores ahorros externos, generando un deficit en cuenta corriente, la comprobacion econometrica arroja evidencia favorable al enfoque intertemporal utilizado. Los movimientos de la cuenta corriente parecen estar mas  estrechamente asociados con las variaciones en el ahorro que en la inversion</subfield>
  </datafield>
  <datafield tag="650" ind1=" " ind2="7">
    <subfield code="a">Balanza de pagos</subfield>
    <subfield code="2">Lemb</subfield>
    <subfield code="9">3652</subfield>
  </datafield>
  <datafield tag="650" ind1=" " ind2="7">
    <subfield code="a">Inversiones</subfield>
    <subfield code="2">lemb</subfield>
    <subfield code="9">1103</subfield>
  </datafield>
  <datafield tag="650" ind1=" " ind2="7">
    <subfield code="a">Salarios</subfield>
    <subfield code="2">lemb</subfield>
    <subfield code="9">473</subfield>
  </datafield>
  <datafield tag="650" ind1=" " ind2="7">
    <subfield code="a">Tasas de inter&#xE9;s</subfield>
    <subfield code="2">lemb</subfield>
    <subfield code="9">113297</subfield>
  </datafield>
  <datafield tag="650" ind1=" " ind2="7">
    <subfield code="a">Impuestos</subfield>
    <subfield code="2">lemb</subfield>
    <subfield code="9">1041</subfield>
  </datafield>
  <datafield tag="650" ind1=" " ind2="7">
    <subfield code="a">Gastos p&#xFA;blicos</subfield>
    <subfield code="2">lemb</subfield>
    <subfield code="9">328</subfield>
  </datafield>
  <datafield tag="650" ind1=" " ind2="7">
    <subfield code="a">Deuda p&#xFA;blica</subfield>
    <subfield code="2">lemb</subfield>
    <subfield code="9">37333</subfield>
  </datafield>
  <datafield tag="650" ind1=" " ind2="7">
    <subfield code="a">Ahorro e inversi&#xF3;n</subfield>
    <subfield code="2">armarc</subfield>
    <subfield code="9">38473</subfield>
  </datafield>
  <datafield tag="700" ind1="1" ind2="0">
    <subfield code="a">Casta&#xF1;o V&#xE9;lez, Elkin</subfield>
    <subfield code="4">aut</subfield>
    <subfield code="e">aut</subfield>
    <subfield code="9">508221</subfield>
  </datafield>
  <datafield tag="700" ind1=" " ind2="0">
    <subfield code="a">G&#xF3;mez Mu&#xF1;oz, Wilman Arturo</subfield>
    <subfield code="4">aut</subfield>
    <subfield code="e">aut</subfield>
    <subfield code="9">374410</subfield>
  </datafield>
  <datafield tag="700" ind1="1" ind2="0">
    <subfield code="a">Mesa Callejas, Ram&#xF3;n Javier</subfield>
    <subfield code="4">aut</subfield>
    <subfield code="e">aut</subfield>
    <subfield code="9">266436</subfield>
  </datafield>
  <datafield tag="700" ind1="1" ind2="0">
    <subfield code="a">Perez, Fredy</subfield>
    <subfield code="4">aut</subfield>
    <subfield code="e">aut</subfield>
    <subfield code="9">374411</subfield>
  </datafield>
  <datafield tag="700" ind1="1" ind2="0">
    <subfield code="a">Rhenals Monterrosa, Remberto</subfield>
    <subfield code="4">aut</subfield>
    <subfield code="e">aut</subfield>
    <subfield code="9">489742</subfield>
  </datafield>
  <datafield tag="710" ind1="2" ind2="0">
    <subfield code="a">Universidad de Antioquia. Centro de Investigaciones Economicas. Grupo de Macroeconomia Aplicada</subfield>
    <subfield code="4">aut</subfield>
    <subfield code="e">aut</subfield>
    <subfield code="9">830958</subfield>
  </datafield>
  <datafield tag="856" ind1="4" ind2=" ">
    <subfield code="u">https://bibliotecadigital.udea.edu.co/handle/10495/3878</subfield>
  </datafield>
  <datafield tag="942" ind1=" " ind2=" ">
    <subfield code="c">BOOK</subfield>
  </datafield>
  <datafield tag="999" ind1=" " ind2=" ">
    <subfield code="c">260326</subfield>
    <subfield code="d">260326</subfield>
  </datafield>
  <datafield tag="952" ind1=" " ind2=" ">
    <subfield code="0">0</subfield>
    <subfield code="1">0</subfield>
    <subfield code="4">0</subfield>
    <subfield code="7">0</subfield>
    <subfield code="8">GENERAL</subfield>
    <subfield code="a">CIE</subfield>
    <subfield code="b">CIE</subfield>
    <subfield code="d">2023-04-24</subfield>
    <subfield code="i">C781900</subfield>
    <subfield code="l">0</subfield>
    <subfield code="o">G/01320</subfield>
    <subfield code="p">61000004388785</subfield>
    <subfield code="r">2023-04-24 00:00:00</subfield>
    <subfield code="t">1</subfield>
    <subfield code="w">2023-04-24</subfield>
    <subfield code="y">BOOK</subfield>
  </datafield>
</record>
